Chicago Med - Statistics

General Stats
  • This quiz has been taken 350 times
  • The average score is 9 of 12
Answer Stats
Hint Answer % Correct
Has a brother named Jay Will Halstead
95%
Has a son named Owen Natalie Manning
93%
The only Asian one Ethan Choi
88%
In charge of the Hospital Sharon Goodwin
82%
The head of psychiatrist Daniel Charles
80%
Dated Kelly Severide from Chicago Fire April Sexton
75%
A brother to one of the nurses Noah Sexton
74%
one of the Surgons Connor Rhodes
71%
The head nurse Maggie Lockwood
67%
Med student Sarah Reese
61%
Who killed herself Ava Bekker
60%
Who dated Dr Manning Marcel Crockett
37%
No matching quizzes found
Score Distribution
Percent of People with Each Score
Percentile by Number Answered
Your Score History
You have not taken this quiz